ბათუმის შოთა რუსთაველის სახელმწიფო უნივერსიტეტის ბიბლიოთეკა

ფასიანი ქაღალების ბაზარი. (ბიბ.ჩანაწერი № 36647)

000 -LEADER
fixed length control field 00683nam a2200217Ia 4500
001 - CONTROL NUMBER
control field 2567
003 - CONTROL NUMBER IDENTIFIER
control field GE_BSU
008 - FIXED-LENGTH DATA ELEMENTS--GENERAL INFORMATION
fixed length control field 181216s||||||||xx |||||||||||||| ||und||
020 ## - INTERNATIONAL STANDARD BOOK NUMBER
International Standard Book Number 9789941015137
040 ## - CATALOGING SOURCE
Transcribing agency GE_BSU
080 ## - UNIVERSAL DECIMAL CLASSIFICATION NUMBER
Universal Decimal Classification number 336.763
100 ## - MAIN ENTRY--PERSONAL NAME
Personal name ქოქიაური, ლამარა; შონია, ნანა;
245 ## - TITLE STATEMENT
Title ფასიანი ქაღალების ბაზარი.
260 ## - PUBLICATION, DISTRIBUTION, ETC.
Place of publication, distribution, etc. თბილისი
260 ## - PUBLICATION, DISTRIBUTION, ETC.
Name of publisher, distributor, etc. თბილისის სახ.უნ–ტი
260 ## - PUBLICATION, DISTRIBUTION, ETC.
Date of publication, distribution, etc. 2008
300 ## - PHYSICAL DESCRIPTION
Extent 437 გვ.
653 ## - INDEX TERM--UNCONTROLLED
Uncontrolled term ფასიანი ქაღალების ბაზარი.
942 ## - ADDED ENTRY ELEMENTS (KOHA)
Koha item type წიგნი
ეგზემპლარები
Withdrawn status Lost status Damaged status Not for loan Date acquired Barcode Date last seen Price effective from Koha item type
        2018-12-17 1006 2018-12-17 2018-12-17 წიგნი